Представление документа в формате MARC21

Поле Инд. ПП Название Значение
Тип записи a
Библиографический уровень m
001 Контрольный номер 620e08e857194acba7530795c38f7ce1
005 Дата корректировки 20230404225301.2
008 Кодируемые данные 230404s1982 ru |||||||||||000|||rus|d
040 a Служба первич. каталог. ЦГБ г. В. Луки
b Код языка каталог. rus
041 0_ a Код языка текста rus
084 2 Источник индекса rubbk
a Индекс другой классификации/Индекс ББК 65.049(2)
090 x Авторский знак С 70
j Имя библиотеки ЦГБ г. В. Луки
097 b Оператор КЕИ-р
245 10 a Заглавие Союз нерушимый: Справочник. 1992-1982
245 10 c Ответственность составитель Г. Регистана
260 a Место издания Москва
b Издательство Политиздат
c Дата издания 1982
300 a Объем 305 с.
901 t Тип документа m